Type (III) Naming - Statistics

General Stats
  • This quiz has been taken 21 times
  • The average score is 7 of 10
Answer Stats
Hint Answer % Correct
1 mono
100%
3 tri
100%
10 Deca
83%
2 di
83%
5 penta
67%
4 tetra
67%
7 hepta
50%
6 hexa
50%
8 octa
50%
9 Nano Nana
0%
No matching quizzes found
Score Distribution
Percent of People with Each Score
Percentile by Number Answered
Your Score History
You have not taken this quiz